TOP 10 des footballeurs préférés des Français en 2025 - Statistiques

Statistiques générales
  • Ce quiz a été pris 550 fois
  • Le résultat moyen est 6 sur 10
Statistiques - réponses
Nationalité Joueur % Correct
France Kylian Mbappé
99%
Espagne Lamine Yamal
92%
Égypte Mohamed Salah
88%
France Ousmane Dembélé
83%
France Désiré Doué
62%
Italie Gianluigi Donnarumma
58%
Géorgie Khvicha Kvaratskhelia
49%
Espagne Pedri
43%
Brésil Raphinha
38%
Argentine Lautaro Martínez
37%
Aucun quiz correspondant
Distribution des résultats
% des personnes avec chaque résultat
Percentile par nombre de réponses
Votre historique - résultats
Vous n’avez pas pris ce quiz